000 01126nam a22003017a 4500
003 DO-SdBNP
005 20250901112028.0
007 ta
008 220720b2014 |||aco|| y||| 001 0 spa d
020 _a9789945882094
040 _aDO-SdBNP
_bspa
_cBNPHU
082 4 _a306.097293
_bC397a 2013
_222
110 2 _aCentro Cultural Eduardo León Jimenes
_956909
245 1 0 _aAnuario 2013 :
_bpunto caribeño de encuentros ; primera década del Centro León
264 1 _aSantiago de los Caballeros, República Dominicana
_bCentro León,
_c2014
300 _a129 páginas :
_bilustraciones, fotografías,
_c30 cm.
336 _atexto
_btxt
_2rdacontent
337 _asin mediación
_bn
_2rdamedia
338 _asin mediación
_bn
_2rdamedia
500 _aIncluye índice.
590 _aInventariado, 2022 / SA
610 2 0 _aCentro Cultura Eduardo León Jimenes
_988564
650 0 _981691
_aCentros culturales
_zRepública Dominicana
_2LEMB
_y2013
650 4 0 _aArte
_zRepública Dominicana
_928401
650 4 0 _911344
_aCultura
_zRepública Dominicana
910 _aSaquino/Validado. Control de calidad MFF
942 _2ddc
_cLBS1
999 _c52203
_d52203